Planeamento dos Recursos Humanos (Record no. 2214)
[ view plain ]
| 000 -Etiqueta do registo | |
|---|---|
| Campo de controlo de comprimento fixo | 00452 a2200157 4500 |
| 020 ## - ISBN (NÚMERO DE LIVRO PADRÃO INTERNACIONAL) | |
| ISBN | N/S |
| 040 ## - Fonte de Catalogação | |
| Agência de catalogação | Biblioteca de Posgraduação- Universidade Lusíada de Angola |
| 082 ## - DEWEY DECIMAL CLASSIFICATION NUMBER | |
| Classificador- CDU | 658.3 |
| Número de classificação | 658.3 |
| 100 ## - Nome Pessoal | |
| 9 (RLIN) | 1041 |
| Autor | CHIMPOLO,Joao Maria Funzi |
| 245 ## - Declaração de Título | |
| Título | Planeamento dos Recursos Humanos |
| 260 ## - Publicação e Destribuíção | |
| Local de edição/distribuição | Luanda, |
| Editor/distribuidor | Universidade Lusiada |
| Data de edição/distribuição | 2021. |
| 300 ## - Descrição Física | |
| Nº Pág. | 43p |
| 650 ## - MATERIA | |
| MATERIA | Recursos Humanos |
| 670 ## - Acceso eletrónico | |
| Acceso electrónico | <a href="https://drive.google.com/file/d/1PUy09P2SRQ0V4TwoZf9p8raYyRUYlz5q/view?usp=sharing">https://drive.google.com/file/d/1PUy09P2SRQ0V4TwoZf9p8raYyRUYlz5q/view?usp=sharing</a> |
| 942 ## - - Elementos de entrada adicionados (koha) | |
| Tipo de documento | Dissertações de Grado e Mestrado |
| Withdrawn status | Lost status | Source of classification or shelving scheme | Damaged status | Not for loan | Permanent Location | Current Location | Date acquired | Inventory number | Total Checkouts | Full call number | Date last seen | Uniform Resource Identifier | Price effective from | Koha item type |
|---|---|---|---|---|---|---|---|---|---|---|---|---|---|---|
| Dewey Decimal Classification | Biblioteca Geral- Universidade Lusíada de Angola | Biblioteca Geral- Universidade Lusíada de Angola | 22/04/2026 | 13(1) | 658.3 | 22/04/2026 | https://drive.google.com/file/d/1PUy09P2SRQ0V4TwoZf9p8raYyRUYlz5q/view?usp=sharing | 22/04/2026 | Dissertações de Grado e Mestrado |
